00473nam a2200169Ia 4500003000400000008004100004040001600045082001600061100001800077245008400095700002000179260004800199300001000247650002300257650001200280650001100292GCL140319s9999 xx 000 0 eng d aGCL / cGCL04a372.86bD S1 aDUNN, JOHN M.10aSPECIAL PHYSICAL EDUCATION ADAPTED INDIVADUALIZED DEVELOPMENT / cDUNN, JOHN M.1 aFAIT, HOLLIS F. a[S.N] : bWM. C. BROWN PUBLISHERS ، c1989 a582 P04aPHYSICAL EDUCATION04aFITNESS04aHEALTH